000 00296nam a22001337a 4500
008 171009b xxu||||| |||| 00| 0 eng d
020 _a2900716771417
041 _aeng
080 _27TH
_a159.9
100 _a49
101 _aPSI
245 _aEXPLORING PSYCHOLOGY
_cMYERS,D.G
942 _2udc
_cBK
999 _c32617
_d32617